000 01214nam0a2200337 4500
001 RU\NLR\BIBL_A\012533586
005 20210712115929.0
010 _a978-5-04-110888-5
_92000
021 _aRU
_bКН-П-21-003874
_9КН-П-21-0295
035 _a(NLR Aleph) 012533586
035 _a(RuMoRGB)010565578
090 _a12374814
_c12374814
100 _a20210601d2021 u y0rusy50 ca
101 1 _arus
_ceng
102 _aRU
105 _aac z 000ay
181 0 _ai
_baxxe
182 0 _an
200 1 _aФинансист
_aТитан
_aСтоик
_e"трилогия желания" в одном томе
_eперевод с английского
_fТеодор Драйзер
203 _aТекст
_bвизуальный
_cнепосредственный
210 _aМосква
_cЭксмо
_d2021
215 _a1149, 15, [3] с.
_cцв. ил., портр.
_d22
225 1 _aБольшие буквы
333 _a16+
686 1 _aШ6(7США)67-440.4(Лх1978-50)
700 1 _aДрайзер
_bТ.
_f1871-1945
_gТеодор
_3RU\NLR\AUTH\773596
942 _cBOOK
980 _aNB